| 000 | 00856na a2200277 4500 | ||
|---|---|---|---|
| 001 | 18898 | ||
| 003 | MIRAKIL | ||
| 005 | 20181213155239.0 | ||
| 008 | 161204b tu 000 0 | ||
| 020 | _a9786054383306 | ||
| 035 | _a18898 | ||
| 040 |
_aMilas _btur _cTR-AnCHP |
||
| 041 | _atur | ||
| 082 |
_a338.9 _bG98 2013 |
||
| 090 | _a338.9 G98 2013 | ||
| 245 |
_aGüven ekonomisinde büyümenin finansmanı _b2013 Türkiye ekonomisi raporu _cMÜSİAD |
||
| 246 | _a2013 Türkiye ekonomisi raporu | ||
| 260 |
_aİstanbul _bMÜSİAD _c2013 |
||
| 300 |
_a147 s. _bres.,tbl.; _c28 sm. |
||
| 490 |
_aMÜSİAD araştırma raporları _v63 |
||
| 650 |
_aEkonomik kalkınma ve büyüme _xRaporlar _zTürkiye |
||
| 650 | _aRaporlar, 2013 | ||
| 651 |
_aTürkiye _xEkonomik durum |
||
| 710 | _aMüstakil Sanayici ve İşadamları Derneği | ||
| 942 |
_2ddc _cBKS |
||
| 999 |
_c9222 _d9222 |
||